Scientia Iuventa 2009 medzinárodná doktorandská konferencia : proceedings of reviewed papers from international scientific conference of PhD. students
Na minha lista:
| Autor Corporativo: | |
|---|---|
| Outros Autores: | , |
| Formato: | Livro |
| Idioma: | eslovaco inglês |
| Publicado em: |
Banská Bystrica
Centrum rozvoja doktorandov Ekonomickej fakulty UMB v Banskej Bystrici
2009
|
| Assuntos: | |
| Tags: |
Sem tags, seja o primeiro a adicionar uma tag!
|
MARC
| LEADER | 00000nlm$a2200000$$$4500 | ||
|---|---|---|---|
| 001 | 0107424 | ||
| 005 | 20240109071754.5 | ||
| 020 | |a 978-80-8083-793-8 | ||
| 041 | 0 | |a slo | |
| 041 | 0 | |a eng | |
| 044 | |a SK | ||
| 245 | 1 | 0 | |a Scientia Iuventa 2009 |b medzinárodná doktorandská konferencia : proceedings of reviewed papers from international scientific conference of PhD. students |c zostavovateľ: Ľuboš Elexa, Gabriela Elexová |
| 264 | 1 | |a Banská Bystrica |b Centrum rozvoja doktorandov Ekonomickej fakulty UMB v Banskej Bystrici |c 2009 | |
| 300 | |a CD-ROM | ||
| 610 | 2 | 0 | |a ruch cestovný |
| 610 | 2 | 0 | |a rozvoj regionálny |
| 610 | 2 | 0 | |a podnik |
| 610 | 2 | 0 | |a riadenie podnikové |
| 610 | 2 | 0 | |a organizácie neziskové |
| 610 | 2 | 0 | |a organizácie príspevkové |
| 610 | 2 | 0 | |a služby |
| 700 | 1 | |a Elexa, Ľuboš | |
| 700 | 1 | |a Elexová, Gabriela | |
| 110 | 2 | |a Scientia Iuventa 2009. Medzinárodná doktorandská konferencia | |